000 00485nam a2200157Ia 4500
008 151213s9999 xx 000 0 und d
020 _a81-203-0986-3
100 _aRobert Tharnton Marrison/ Robert Neilson Boyd.
245 _aOrganic Chemistry
_cRobert Tharnton Marrison/ Robert Neilson Boyd.
260 _aNew Delhi
_bPrentic Hall
_c1992
300 _a7609 p.
650 _aComputer
650 _aComputer
700 _aRobert Tharnton Marrison/ Robert Neilson Boyd.
999 _c4014
_d4014